|
|
|
|
| LEADER |
00000nam0a2200000 4500 |
| 001 |
289847 |
| 005 |
20231102000227.0 |
| 035 |
|
|
|a (RuTPU)RU\TPU\book\314368
|
| 090 |
|
|
|a 289847
|
| 100 |
|
|
|a 20150402d1981 km y0rusy50 ca
|
| 101 |
1 |
|
|a rus
|c eng
|
| 102 |
|
|
|a RU
|
| 105 |
|
|
|a a z 001zy
|
| 200 |
1 |
|
|a Симметрия и разделение переменных
|e пер. с англ.
|f У. Миллер
|
| 210 |
|
|
|a Москва
|c Мир
|d 1981
|
| 215 |
|
|
|a 342 с.
|c ил.
|
| 320 |
|
|
|a Библиогр.: с. 326-335
|
| 320 |
|
|
|a Указатели: с. 333-340
|
| 606 |
1 |
|
|a Математическая физика
|2 stltpush
|3 (RuTPU)RU\TPU\subj\41221
|9 61028
|
| 610 |
1 |
|
|a переменные
|
| 610 |
1 |
|
|a симметрия
|
| 610 |
1 |
|
|a разделение
|
| 610 |
1 |
|
|a уравнение Гельмгольца
|
| 610 |
1 |
|
|a уравнение Шредингера
|
| 610 |
1 |
|
|a теплопроводность
|
| 610 |
1 |
|
|a волновое уравнение
|
| 610 |
1 |
|
|a гипергеометрические функции
|
| 675 |
|
|
|a 53:51
|v 3
|
| 700 |
|
1 |
|a Миллер
|b У.
|g Уиллард
|
| 702 |
|
1 |
|a Бабенко
|b К. И.
|4 340
|
| 801 |
|
1 |
|a RU
|b 63413507
|c 20150402
|
| 801 |
|
2 |
|a RU
|b 63413507
|c 20220118
|g RCR
|
| 942 |
|
|
|c BK
|